| 000 | 00633nam a2200229Ia 4500 | ||
|---|---|---|---|
| 003 | OSt | ||
| 005 | 20220918182707.0 | ||
| 006 | a|||||r|||| 00| 0 | ||
| 007 | ta | ||
| 008 | 220917b |||||||| |||| 00| 0 eng d | ||
| 024 | _a33,953 | ||
| 037 | _cTextual | ||
| 040 |
_aARTS _cARTS _beng |
||
| 041 |
_2eng _aeng |
||
| 082 | _aO15:2D40:13, G6 | ||
| 100 |
_aKalidasa _960980 |
||
| 245 | 0 | _aAbhijnana Sakuntlam with a new and exhaustive commentary by Rama Verma and K Rama Pisharoti | |
| 260 | _c1936 | ||
| 650 | _aENGLISH LITERATURE | ||
| 942 |
_hO15:2D40:13, G6 _cTEXL _2CC |
||
| 999 |
_c170038 _d170038 |
||